000
00338nam a2200157Ia 4500
100
_a
Bret/Spell
650
_a
Java Programming
942
_c
BK
366
_f
20
654
_a
java
245
_a
Professional Java Programming
260
_b
Wrox Press Ltd
_c
2001
082
_a
005.133J/BRE
_b
BRE
300
_a
1110
546
_a
ENGLISH
999
_c
33922
_d
33922